Seminar on vegetable tannins : (Record no. 1007635)

MARC details
000 -LEADER
fixed length control field 01401nam a2200325 a 4500
001 - CONTROL NUMBER
control field vtls001558055
003 - CONTROL NUMBER IDENTIFIER
control field NLI
005 - DATE AND TIME OF LATEST TRANSACTION
control field 20210627154255.0
008 - FIXED-LENGTH DATA ELEMENTS--GENERAL INFORMATION
fixed length control field 121212s1966 ii s000 0 eng
039 #9 - LEVEL OF BIBLIOGRAPHIC CONTROL AND CODING DETAIL [OBSOLETE]
Level of rules in bibliographic description 201701281658
Level of effort used to assign nonsubject heading access points umitap
-- 201212121901
-- VLOAD
040 0# - CATALOGING SOURCE
Original cataloging agency NLI
Language of cataloging eng
Transcribing agency XData_3
Description conventions AACR2
041 1# - LANGUAGE CODE
Language code of text/sound track or separate title en
Language code of original g
044 ## - COUNTRY OF PUBLISHING/PRODUCING ENTITY CODE
MARC country code ii
082 04 - DEWEY DECIMAL CLASSIFICATION NUMBER
Classification number 547.783
110 2# - MAIN ENTRY--CORPORATE NAME
Corporate name or jurisdiction name as entry element Seminar on Vegetable Tannins
Date of meeting or treaty signing (1962 :
Location of meeting CLRI, Madras)
9 (RLIN) 1054187
245 10 - TITLE STATEMENT
Title Seminar on vegetable tannins :
Remainder of title papers presented at a seminar and held at the Institute on Jan. 21-23, 1962 /
Statement of responsibility, etc. edited by S. Rajadurai [and] Koty Udai Bhanu ; Sponsored by the Central Leather Research Institute Madras
260 ## - PUBLICATION, DISTRIBUTION, ETC.
Place of publication, distribution, etc. Madras :
Name of publisher, distributor, etc. Central Leather Research Institute,
Date of publication, distribution, etc. 1966
300 ## - PHYSICAL DESCRIPTION
Extent vi, 160 p. :
Other physical details tables, diagrs ;
Dimensions 25 cm.
650 #0 - SUBJECT ADDED ENTRY--TOPICAL TERM
Topical term or geographic name entry element Tannins
9 (RLIN) 952448
650 #0 - SUBJECT ADDED ENTRY--TOPICAL TERM
Topical term or geographic name entry element Chemistry, Organic
9 (RLIN) 678531
700 1# - ADDED ENTRY--PERSONAL NAME
Personal name Rajadurai, S.,
Titles and other words associated with a name Dr.,
Relationship edt
9 (RLIN) 953860
700 1# - ADDED ENTRY--PERSONAL NAME
Personal name Bhanu, Koty Udai,
Titles and other words associated with a name Dr. Sejt. edt
9 (RLIN) 1054188
710 2# - ADDED ENTRY--CORPORATE NAME
Corporate name or jurisdiction name as entry element India.
Subordinate unit Council of Scientific and Industrial Research.
-- Central Leather Research Institute (Madras)
9 (RLIN) 888462
887 ## - NON-MARC INFORMATION FIELD
Content of non-MARC field
901 ## - LOCAL DATA ELEMENT A, LDA (RLIN)
a 47660 date
b 5.1.67
902 ## - LOCAL DATA ELEMENT B, LDB (RLIN)
a GP 547.783 In 2 vt
949 ## - LOCAL PROCESSING INFORMATION (OCLC)
-- VIRTUAITEM
-- 10003
-- 100
6 IOD000047660EN
942 ## - ADDED ENTRY ELEMENTS (KOHA)
Koha issues (borrowed), all copies 0
-- 0
-- 0
-- 0
Institution code [OBSOLETE] NLI
-- NLI
-- BKS
-- -
Holdings
Withdrawn status Lost status Damaged status Not for loan Collection code Home library Current library Shelving location Date acquired Total Checkouts Full call number Barcode Date last seen Price effective from Koha item type
        Government Publications National Library of India National Library of India Annexe Reading Room & Stack Division     GP 547.783 In 2 vt IOD000047660EN 27/06/2021 27/06/2021 Books
                                                                           
web counter

Copyright ©2020 The National Library of India, Govt. of India ↔ Hosted by NVLI, MOC ↔ Technology and Design by National Library of India, Ministry of Culture, Govt. of India